=LDR 00000nam 2200000 4500 =001 INLIS000000000020130 =005 20130612115119 =008 ***********************************Ind** =035 ##$$0010-061300000020130 =041 ##$$a Ind =082 ##$$a 2x4.1 =090 ##$$a 2x4.1, Jau r =100 ##$$a Al-Jauziyah, Ibnu Qayyim =245 ##$$a Rahasia di balik shalat, Ibnu Qoyyim Al-Jauziyah ; penerjemah, Amir Hamzah Fachrudin =260 ##$$a 2005 $b Jakarta =300 ##$$a 229 hlm, 23 cm =650 ##$$a Shalat =850 ##$$a NBPNMAT